000 00303nam a2200145Ia 4500
100 _aO'Neil/Mark G
942 _cBK
366 _f20
245 _aGreen IT for sustainable business
260 _bViva
_c2011
082 _a658.409
_bONE
300 _a144
546 _aENGLISH
_cInfo.Tech
999 _c19168
_d19168